भवानीप्रसाद मिश्र रचनावली (Record no. 910124)

MARC details
000 -LEADER
fixed length control field 01114nam a2200253Ia 4500
003 - CONTROL NUMBER IDENTIFIER
control field OSt
005 - DATE AND TIME OF LATEST TRANSACTION
control field 20221002044325.0
008 - FIXED-LENGTH DATA ELEMENTS--GENERAL INFORMATION
fixed length control field 220930b |||||||| |||| 00| 0 hin d
020 ## - INTERNATIONAL STANDARD BOOK NUMBER
International Standard Book Number 8179750116 (hbk)
037 ## - SOURCE OF ACQUISITION
Terms of availability Reference Collections
040 ## - CATALOGING SOURCE
Original cataloging agency CRL
Transcribing agency CRL
Language of cataloging hin
041 ## - LANGUAGE CODE
Source of code hin
Language code of text/sound track or separate title hin
100 ## - MAIN ENTRY--PERSONAL NAME
Personal name मिश्र, भवानीप्रसाद
245 #0 - TITLE STATEMENT
Title भवानीप्रसाद मिश्र रचनावली
260 ## - PUBLICATION, DISTRIBUTION, ETC.
Place of publication, distribution, etc. नई
Name of publisher, distributor, etc. दिल्ली अनामिका पब्लिशर्स प्रा.लिमिडिट प्रा.
Date of publication, distribution, etc. 2002
490 ## - SERIES STATEMENT
Volume/sequential designation भाग 1
700 ## - ADDED ENTRY--PERSONAL NAME
Personal name विजय बहादुर सिंह, संपा.
942 ## - ADDED ENTRY ELEMENTS (KOHA)
Classification part O152,1N133x, L8;P2.1-.8(RR)
Koha item type
Source of classification or shelving scheme Colon Classification (CC)

No items available.

Copyright @ Delhi University Library System